000 00301nam a22001337a 4500
008 181018b xxu||||| |||| 00| 0 eng d
020 _a9780673467249
041 _aeng
080 _29 ED
_a159.9
100 _a49
101 _aPSI
245 _aAbnormal Psychology
_cCarson.r.c
942 _2udc
_cBK
999 _c50088
_d50088